000 00899cam a2200301 i 4500
001 2217809
003 OSt
005 20170404164615.0
008 761029s1976 mau b 001 0 eng
010 _a 75041571
020 _a0316328952
040 _aDLC
_cDLC
_dDLC
050 0 0 _aRT86.5
_b.G74
082 _aWY 195
_bG889w 1976
100 1 _aGrissum, Marlene.
_912022
245 1 0 _aWomanpower and health care /
_cMarlene Grissum, Carol Spengler.
250 _a1st ed.
260 _aBoston :
_bLittle, Brown,
_c1976.
300 _axv, 314 p. ;
_c21 cm.
504 _aIncludes bibliographical references and index.
650 0 _aNursing
_xSocial aspects.
_912023
650 0 _aNurses.
_91793
650 0 _aFeminism.
_98182
650 0 _aSex role.
_96967
700 1 _aSpengler, Carol Dawn,
_ejoint author.
_912024
906 _a7
_bcbc
_corignew
_d2
_eocip
_f19
_gy-gencatlg
942 _2z
_cO_SHELF
999 _c5789
_d5789